000
00274nam a22001097a 4500
082
_a
327
100
_a
Panikkar K M
_9
24922
245
_a
India and China : A Study of Cultural Relations
260
_a
Delhi
_b
L G Pub
_c
2016
650
_a
internal Relation
_9
80806
942
_c
BK
999
_c
64051
_d
64051